Labour rates around the world (Record no. 120645)

MARC details
000 -LEADER
fixed length control field 00849cai a22001695a 4500
001 - CONTROL NUMBER
control field L142093
008 - FIXED-LENGTH DATA ELEMENTS--GENERAL INFORMATION
fixed length control field 080123u xxk g s 000 0 eng d
035 ## - SYSTEM CONTROL NUMBER
System control number (Sirsi) u142093
041 0# - LANGUAGE CODE
Language code of text/sound track or separate title eng
110 2# - MAIN ENTRY--CORPORATE NAME
Corporate name or jurisdiction name as entry element International Cost Engineering Council
9 (RLIN) 5491
245 00 - TITLE STATEMENT
Title Labour rates around the world
Medium [electronic resource]
520 ## - SUMMARY, ETC.
Summary, etc. Provides labour rates and steel costs for following countries: Australia, Canada, Germany, Ghana, Italy, Hong Kong, Japan, Kenya, Malaysia, Mexico, Netherlands, New Zealand, Nigeria, Norway, Romania, Russia, Singapore, South Africa, Sri Lanka, Tanzania, Uganda, United States. Includes the data source for each country.
651 #4 - SUBJECT ADDED ENTRY--GEOGRAPHIC NAME
Geographic name International
690 ## - LOCAL SUBJECT ADDED ENTRY--TOPICAL TERM (OCLC, RLIN)
Topical term or geographic name as entry element BUILT ENVIRONMENT-BUILDING COSTS
856 40 - ELECTRONIC LOCATION AND ACCESS
Uniform Resource Identifier <a href="https://www.icoste.org/laborsteel.htm">https://www.icoste.org/laborsteel.htm</a>
Public note View the website free of charge at www.icoste.org...
942 ## - ADDED ENTRY ELEMENTS (KOHA)
Suppress in OPAC 0
Holdings
Withdrawn status Lost status Source of classification or shelving scheme Damaged status Not for loan Home library Current library Shelving location Date acquired Total Checkouts Full call number Barcode Date last seen Copy number Price effective from Koha item type
    Dewey Decimal Classification     Virtual Virtual Online 23/01/2008   WEB SITE 142093-2001 06/08/2019 1 06/08/2019 Online material